Most used clash Royale cards - Statistics

General Stats
  • This quiz has been taken 179 times
  • The average score is 10 of 20
Answer Stats
Hint Answer % Correct
Legendary The log
82%
Rare Dart goblin
81%
Common Skeletons
78%
Rare Hog rider
77%
Rare Fireball
67%
Common Arrows
66%
Epic Goblin barrel
66%
Common Cannon
64%
Legendary Princess
63%
Common Ice spirit
61%
Legendary Electro wizard
53%
Common Zap
51%
Epic Balloon
42%
Common Goblin gang
40%
Legendary Inferno dragon
37%
Epic Rage
24%
Epic Barbarian barrel
23%
Epic Guards
22%
Legendary Goblinstein
3%
Epic Lighting
3%
No matching quizzes found
Score Distribution
Percent of People with Each Score
Percentile by Number Answered
Your Score History
You have not taken this quiz